Volkswagen odmeňuje výkon
Bratislavský Volkswagen ako tretí najatraktívnejší zamestnávateľ roka 2012. Kvalita a čas pri práci. Angažovanosť zamestnancov a radosť z práce. Dôvody, prečo prišla firma na Slovensko. Dôležitá flexibilita na trhu práce. Potenciál vo výstavbe a rozvoji infraštruktúry na Slovensku. Prečo je Volkswag...
Gespeichert in:
| 1. Verfasser: | |
|---|---|
| Weitere Verfasser: | |
| Format: | Buchkapitel |
| Sprache: | Slowakisch |
| Schlagworte: | |
| Tags: |
Keine Tags, Fügen Sie das erste Tag hinzu!
|
MARC
| LEADER | 00000naa a2200000 4500 | ||
|---|---|---|---|
| 001 | 0165603 | ||
| 005 | 20231013090143.5 | ||
| 041 | 0 | |a slo | |
| 044 | |a SK | ||
| 245 | 1 | 0 | |a Volkswagen odmeňuje výkon |c Martina Jurinová, Albrecht Reimold |
| 520 | |a Bratislavský Volkswagen ako tretí najatraktívnejší zamestnávateľ roka 2012. Kvalita a čas pri práci. Angažovanosť zamestnancov a radosť z práce. Dôvody, prečo prišla firma na Slovensko. Dôležitá flexibilita na trhu práce. Potenciál vo výstavbe a rozvoji infraštruktúry na Slovensku. Prečo je Volkswagen pre ľudí atraktívny. Odmeňovanie zamestnancov. Dôvody výberu spoločnosti. | ||
| 610 | 2 | 0 | |a automobily osobné |
| 610 | 2 | 0 | |a priemysel automobilový |
| 610 | 2 | 0 | |a firmy |
| 610 | 2 | 0 | |a zamestnanci |
| 610 | 2 | 0 | |a odmeňovanie |
| 610 | 2 | 0 | |a motivácia pracovná |
| 100 | 1 | |a Jurinová, Martina | |
| 700 | 1 | |a Reimold, Albrecht | |